Argentyńczycy w Premier League - Statystyki

Ogólne statystyki
  • Ten quiz został rozwiązany 36 razy
    30 od ostatniego zresetowania
  • Średni wynik to 10 z 15
Answers on the Grid
Answers color-coded by a green-red scale on the quiz's grid according to % correct below.
Mauricio Pochettino
Pablo Zabaleta
Alexis Mac Allister
Carlos Tevez
Lionel Messi
Mario Kempes
Gonzalo Higuaín
Esteban Cambiasso
Diego Maradona
Gabriel Batistuta
Javier Zanetti
Paulo Dybala
Enzo Fernández
Lautaro Martínez
Alejandro Garnacho
Emiliano Martínez
Sergio Agüero
Mauro Icardi
Pablo Aimar
Walter Samuel
Sergio Almirón
Franco Di Santo
Fabricio Coloccini
Juan Sebastián Verón
Javier Saviola
Rodrigo De Paul
Ángel Correa
Ángel Di María
Cristian Romero
Hernán Crespo
 
Statystyki odpowiedzi
Odpowiedź % Poprawnych
Carlos Tevez
93%
Alejandro Garnacho
89%
Alexis Mac Allister
85%
Sergio Agüero
85%
Emiliano Martínez
81%
Pablo Zabaleta
81%
Ángel Di María
74%
Enzo Fernández
74%
Cristian Romero
63%
Juan Sebastián Verón
63%
Gonzalo Higuaín
56%
Esteban Cambiasso
44%
Hernán Crespo
44%
Fabricio Coloccini
33%
Franco Di Santo
19%
Nie znaleziono quizów pasujących do podanych kryteriów
Rozkład punktacji
Procent ludzi z każdym wynikiem
Percentyl według liczby udzielonych odpowiedzi
Twoja historia wyników
Nie rozwiązałeś tego quizu od ostatniego zresetowania